01161camaa22003251i 450000100090000000300090000900500170001800800410003502000240007602000210010004000380012105000100015908200230016910000370019224500720022925000120030126401100031330000450042333600260046833700280049433800270052249000310054950000200058050400360060054100760063663000300071265000260074265000350076870000320080315380501EG-GICUC20260513150043.0080724s2007 caua jr 001 0 eng  a9781590598931qpbk. a1590598938qpbk. aDLCcDLCdDLCdEG-GICUCbengerda00bM354 04221a 006.76bM354 1 aMacDonald, Matthew.eمؤلف.10aPro ASP.NET 3.5 in C# 2008 /cMatthew MacDonald and Mario Szpuszta. a2nd ed. aBerkeley, CA :aNew York :bApress ;bDistributed to the book trade worldwide by Springer-Verlag,cc2007. axxxvi, 1498 p. :billustration ;c24 cm. atextbtxt2rdacontent aunmediatedbn2rdamedia avolumebnc2rdacarrier0 aThe expert's voice in .NET aIncludes index. aBibliography: pages 1441-1498.  aوزارة الثقافة ؛bالقاهرة ؛cإهداء ؛d2023.00aMicrosoft .NET Framework. 0aWeb site development. 0aC# (Computer program language)1 aSzpuszta, Mario.eReviewer.